<?xml version="1.0" encoding="UTF-8"?>
<record
    xmlns:xsi="http://www.w3.org/2001/XMLSchema-instance"
    xsi:schemaLocation="http://www.loc.gov/MARC21/slim http://www.loc.gov/standards/marcxml/schema/MARC21slim.xsd"
    xmlns="http://www.loc.gov/MARC21/slim">

  <leader>00877nam a22002297a 4500</leader>
  <controlfield tag="003">CO-NeUS</controlfield>
  <controlfield tag="005">20180210123133.0</controlfield>
  <controlfield tag="008">131105b        ck ||||| |||| 00| 0 spa d</controlfield>
  <datafield tag="020" ind1=" " ind2=" ">
    <subfield code="a">9688871184</subfield>
  </datafield>
  <datafield tag="040" ind1=" " ind2=" ">
    <subfield code="a">CO-NeUS</subfield>
    <subfield code="b">spa</subfield>
    <subfield code="c">CO-NeUS</subfield>
  </datafield>
  <datafield tag="082" ind1="0" ind2="4">
    <subfield code="a">302.23</subfield>
    <subfield code="b">M178</subfield>
  </datafield>
  <datafield tag="100" ind1="1" ind2=" ">
    <subfield code="a">Mart&#xED;n Barbero Jes&#xFA;s</subfield>
    <subfield code="e">Autor</subfield>
    <subfield code="9">65202</subfield>
  </datafield>
  <datafield tag="245" ind1="1" ind2="0">
    <subfield code="a">Procesos de comunicaci&#xF3;n y matrices de cultura</subfield>
    <subfield code="b">Itinerario para salir de la raz&#xF3;n dualista</subfield>
    <subfield code="c">J. Martin-Barbero</subfield>
  </datafield>
  <datafield tag="264" ind1=" " ind2=" ">
    <subfield code="a">M&#xE9;xico</subfield>
    <subfield code="b">G. Gili/Felafacs</subfield>
    <subfield code="c">1987</subfield>
  </datafield>
  <datafield tag="300" ind1=" " ind2=" ">
    <subfield code="a">212 paginas.</subfield>
  </datafield>
  <datafield tag="520" ind1=" " ind2=" ">
    <subfield code="a">Los diversos caminos seguidos por la investigaci&#xF3;n de la comunicaci&#xF3;n desde su lugar de partida hasta el momento actual, que se define en el reencuentro con lo cultural.</subfield>
  </datafield>
  <datafield tag="650" ind1="1" ind2="4">
    <subfield code="a">Medios de comunicacion de masas</subfield>
    <subfield code="9">116129</subfield>
  </datafield>
  <datafield tag="650" ind1="1" ind2="4">
    <subfield code="a">Comunicacion</subfield>
    <subfield code="9">104034</subfield>
  </datafield>
  <datafield tag="650" ind1="1" ind2="4">
    <subfield code="a">Cultura</subfield>
    <subfield code="9">105542</subfield>
  </datafield>
  <datafield tag="650" ind1="1" ind2="4">
    <subfield code="a">Cultura popular</subfield>
    <subfield code="9">105597</subfield>
  </datafield>
  <datafield tag="942" ind1=" " ind2=" ">
    <subfield code="c">CG</subfield>
  </datafield>
  <datafield tag="999" ind1=" " ind2=" ">
    <subfield code="c">557</subfield>
    <subfield code="d">557</subfield>
  </datafield>
</record>
